Responses for Show #5565 - Friday, November 14, 2008

2008-B Teen Tournament quarterfinal game 5.

Contestants

[<< previous game]

Shelby Malone, a senior from Grayson, Kentucky

Ben Chuchla, a senior from Calabasas, California

Charlie Carbery, a senior from Oak Park, Illinois

[next game >>]

Jeopardy! Round responses

IT'S LIKE, SHAKESPEARE, YOU KNOW?
TV OR NOT TV
ANAGRAMMED PRESIDENTIAL LAST NAMES
THE MYSTERIOUS WORLD OF THE KITCHEN
POTTY MOUTH!
URBAN DICTIONARY LINGO
(Alex: Clues from the website urbandictionary.com.)
    $200 16
Romeo

Charlie
    $200 6
Spider-Man

Ben
    $200 1
(Ben: Who is Lincoln?)

Clinton

CharlieBen
    $200 21
(Charlie: What is cutlery?)

carving

CharlieBen
    $200 26
a seat

Shelby
    $200 11
Christmas Eve

Triple Stumper
    $400 17
Hamlet

Shelby
    $400 7
Charlie's Angels

Charlie
    $400 2
Reagan

Charlie
    $400 22
lettuce (or salad)

Ben
    $400 27
a tank

Charlie
    $400 12
Wikipedia

Shelby
    $600 18
King Lear

Shelby
    $600 8
the Joker

Shelby
    $600 3
Washington

Charlie
    $600 23
frying

Ben
    $600 28
water

Ben
    $600 13
just kidding

Shelby
    $800 19
Portia

Shelby
    $800 9
(Alex: That version was [*].)

The Fugitive

Triple Stumper
    $800 4
Truman

Charlie
    $800 24
a skewer

Ben
    $800 29
a flush

Shelby
    $800 14
a staycation

Ben
    $1000 20
(Shelby: Who is Falstaff?)

Petruchio

Shelby
Triple Stumper
    $1000 10
Stargate

Ben
    $1,000 5
(Alex: Charlie?)
(Charlie: Um... I don't know.)

Eisenhower

Charlie
    $1000 25
a chafing dish

Triple Stumper
    $1000 30
(Charlie: Who is William?)
...
(Alex: Remember the category--POTTY MOUTH!--the correct response: What is or who is [*], a [*].)

John

Charlie
Triple Stumper
    $1000 15
a boo

Charlie

Scores at the first commercial break (after clue 15):

Charlie Ben Shelby
$2,400 $1,800 $1,600

Scores at the end of the Jeopardy! Round:

Charlie Ben Shelby
$1,800 $4,400 $3,400

Double Jeopardy! Round responses

A VOYAGE THROUGH EUROPE
POSE-POURRI
TEENS IN HISTORY
AQUATIC MAMMALS
LIKE HANNAH
(Alex: ...each correct response will be a palindromic word--same going and coming back.)
MONTANA
    $400 1
the Vikings

Ben
    $400 26
X-Men

Triple Stumper
    $400 17
John Paul Jones

Ben
    $400 12
(Ben: What is the blue whale?)
...
(Alex: Toothed whale--[*]. Blue whale is baleen.)

sperm

Ben
Triple Stumper
    $400 2
a deed

Ben
    $400 7
a rodeo

Shelby
    $800 22
Carnegie

Ben
    $800 27
Tyra Banks

Charlie
    $800 18
Mussolini

Shelby
    $800 13
the walrus

Ben
    $800 3
a nun

Charlie
    $1,500 8
Alberta (or British Columbia or Saskatchewan)

Shelby
    $1200 23
(Charlie: What is The Lord of the Rings?)
(Alex: Which one?)
(Charlie: The Two Towers?)

The Lord of the Rings: The Return of the King

CharlieBen
    $1200 28
Tyson Beckford

Triple Stumper
    $1200 19
Lenin

Ben
    $1200 14
(Shelby: What is the otter?)
(Alex: Be more specific.)
(Shelby: [*].)

the sea otter

Shelby
    $1200 4
a racecar

Charlie
    $1200 9
(Charlie: What are canyons?)
(Ben: What are geysers?)

glaciers

CharlieBenShelby
    $1600 24
pilgrims

Triple Stumper
    $1600 29
Cindy Crawford

Charlie
    $1600 20
Mary, Queen of Scots

Ben
    $1600 15
a bottlenose dolphin

Shelby
    $1600 5
tenet

Triple Stumper
    $1600 10
the Big Sky Conference

Triple Stumper
    $2000 25
Ulysses

Ben
    $2000 30
Kate Moss

Charlie
    $2000 21
the Huguenots

Ben
    $3,000 16
the manatee

Shelby
    $2000 6
Civic

Shelby
    $2000 11
Billings

Triple Stumper

Scores at the end of the Double Jeopardy! Round:

Charlie Ben Shelby
$5,800 $13,600 $15,100

Final Jeopardy! Round responses

HIGHER EDUCATION
(Alex: Come on over here, Shelby. Congratulations to you, young lady, and now those four other semifinalists are...)
(Anurag: Anurag Kashyap--Poway, California.)
(Bradley: Bradley Silverman--Alpharetta, Georgia.)
(Karan: Karan Takhar--North Attleborough, Massachusetts.)
(Jay: Jay Schrader--Lexington, Kentucky.)
(Alex: And now the other semifinalists--four students, high scorers among the nonwinners. Who are they?)
(Brandon: Brandon Saunders--Holliswood, New York.)
(Sarah: Sarah Marx--Chevy Chase, Maryland.)
(Audrey: Audrey Hosford--Annapolis, Maryland.)
(Alex: And one more right here--Ben Chuchla. Come on over, Ben. You will be a semifinalist along with Shelby, and you get to play next week. Semifinals begin on Monday right here on Jeopardy!--so long, everybody, till then.)
CharlieWhat is a State School?
$5,800
BenWhat is an agricultural college?
$4,500
ShelbyWhat is a community college?
$4,499
a community college (or junior college)

Final scores:

Charlie Ben Shelby
$0 $9,100 $19,599
3rd place: $5,000 if eliminated 2nd place: $5,000 if eliminated Automatic semifinalist

Game dynamics:

Coryat scores:

Charlie Ben Shelby
$6,800 $13,600 $13,400
13 R,
5 W
(including 1 DD)
18 R,
3 W
16 R
(including 2 DDs),
1 W

Combined Coryat: $33,800

[game clues] [game scores] [suggest correction]

Game tape date: 2008-10-06
The J! Archive is created by fans, for fans. Scraping, republication, monetization, and malicious use prohibited; this site may use cookies and collect identifying information. See terms. The Jeopardy! game show and all elements thereof, including but not limited to copyright and trademark thereto, are the property of Jeopardy Productions, Inc. and are protected under law. This website is not affiliated with, sponsored by, or operated by Jeopardy Productions, Inc. Join the discussion at JBoard.tv.